000
00242nam a22000857a 4500
008
161202b xxu||||| |||| 00| 0 eng d
100
_9
1741
_a
Madan, M., etal
245
_a
Comp Act :Learning Computer Through Activities
260
_a
New Delhi
_b
Navdeep
999
_c
4451
_d
4451